Simple Minds: real life (CD Áudio) (Registo nº 202399)

Detalhes MARC
000 -Etiqueta do registo
Valores 00467nam 22001813 4500
016 ## - Número internacional ISRC
Modalidade de aquisição e/ou preço compra
100 ## - Dados gerais de processamento
Dados gerais 20260529d u||y0pory50 ba
200 ## - Titulo e menção de responsabilidade
Título próprio Simple Minds: real life (CD Áudio)
Primeira menção de responsabilidade Simple Minds
210 ## - Publicação
Nome do editor Virgin Records
Data de publicação 1991
215 ## - Descrição física 
Outras indicações físicas CD áudio
606 ## - Nome comum usado como assunto
ID Autoridade 1103
Palavra de ordem Música
610 ## - Termos não controlados
Palavra de ordem rock
675 ## - CDU
Notação 78
Edição UK
Língua eng
710 ## - Autor principal (colectividade)
ID Autoridade 17422
Nome da entidade Simple Minds - grupo rock escocês
801 ## - Fonte de origem
País PT
Agência BMMN
Regras de catalogação RPC
990 ## - Elementos KOHA
Tipo de documento CD Música
Exemplares
Aquisição Código de barras Cota Permissão de empréstimo Tipo de documento Empréstimo Forma de aquisição
Biblioteca Municipal de Montemor-o-Novo 31875 78 MIN(est)|DEP   CD Música Biblioteca Municipal de Montemor-o-Novo Compra

Powered by Koha